000 01255nam a2200277Ia 4500
999 _c41614
_d41614
001 8283
003 GE_BSU
005 20240424151527.0
008 181216s2011||||ge |||||||||||||| ||geo||
020 _a9789941424533
040 _cGE_BSU
041 _ageo
080 _a630(075.8) უ–84
100 _aურუშაძე, ალექსანდრე
_921913
245 _aაგრომეტყევეობა /
_cალექსანდრე (სანდრო) ურუშაძე ; [რედ. გიორგი გაგოშიძე].
264 _aთბილისი :
_bმწიგნობარი,
_c2011.
300 _a239 გვ. ;
_c19 სმ.
500 _aყდაზე : მინდორსაცავი ტყის ზოლები ქართლში (პ. შმიდტის ფოტო)
500 _aტერმინთა ლექსიკონი : გვ. 213-237
504 _aბიბლიოგრ : გვ. 238-240
541 _h15ლ.
653 _aაგრომეტყევეობა
653 _aსატყეო მეურნეობა
700 _aგაგოშიძე, გიორგი
_eრედაქტორი
_98294
942 _cBK
_2udc